000 00509nam a2200169Ia 4500
008 151213s9999 xx 000 0 und d
020 _a984-508-336-6
082 _a310.5492
_b310.5492
100 _aBangladesh Bureou of Statistics
245 _aPrivate Education Services in Bangladesh
_cBangladesh Bureou of Statistics
260 _aDhaka
_bB B S
_c1998
300 _a6384 p.
650 _aReference
650 _aStatistics Report : Reference
700 _aBangladesh Bureou of Statistics
999 _c3518
_d3518